I promessi sposi
Salvato in:
| Autore principale: | |
|---|---|
| Natura: | Libro |
| Lingua: | Undetermined |
| Pubblicazione: |
Milan, Italia
Garzanti
2010
|
| Soggetti: | |
| Tags: |
Aggiungi Tag
Nessun Tag, puoi essere il primo ad aggiungerne!!
|
MARC
| LEADER | 00000nam a2200000Ia 4500 | ||
|---|---|---|---|
| 008 | 170316s9999 xx 000 0 und d | ||
| 999 | |c 8170 |d 8170 | ||
| 040 | |a cru BVZT | ||
| 090 | |a 850 M-2.1i | ||
| 100 | |a Manzoni, Alessandro | ||
| 245 | |a I promessi sposi |c / Manzoni, Alessandro | ||
| 260 | |a Milan, Italia |b Garzanti |c 2010 | ||
| 300 | |a 552 páginas | ||
| 650 | |a LITERATURA ITALIANA |9 212 | ||
| 650 | |a EN IDIOMA ITALIANO | ||
| 650 | |a NOVELA |9 13 | ||
| 942 | |c 15 D |h 850 M-2.1i |2 z | ||
